Loading...
Auditory Arts | 4 | 15.00 | 100% | 50% | 0% |
Beliefs | 6 | 13.33 | 100% | 33% | 0% |
Current Events | 1 | 10.00 | 100% | 0% | 0% |
Fine Arts - Other Arts | 4 | 10.00 | 50% | 50% | 0% |
Geography | 2 | 15.00 | 50% | 50% | 50% |
History - American History | 5 | 14.00 | 60% | 60% | 20% |
History - Ancient History | 3 | 20.00 | 67% | 67% | 67% |
History - European History | 1 | 20.00 | 100% | 100% | 0% |
History - Other History | 2 | 20.00 | 100% | 100% | 0% |
History - World History | 4 | 15.00 | 75% | 50% | 25% |
Literature - American Literature | 5 | 6.00 | 60% | 0% | 0% |
Literature - British Literature | 4 | 15.00 | 100% | 25% | 25% |
Literature - European Literature | 2 | 15.00 | 100% | 50% | 0% |
Literature - World Literature | 6 | 11.67 | 83% | 17% | 17% |
Other Academic | 3 | 3.33 | 33% | 0% | 0% |
Philosophy | 3 | 6.67 | 33% | 33% | 0% |
Science - Biology | 3 | 16.67 | 100% | 67% | 0% |
Science - Chemistry | 2 | 10.00 | 100% | 0% | 0% |
Science - Other Science | 4 | 15.00 | 100% | 25% | 25% |
Science - Physics | 5 | 12.00 | 60% | 40% | 20% |
Social Science | 8 | 11.25 | 75% | 38% | 0% |
Visual Arts | 7 | 8.57 | 86% | 0% | 0% |